Säugetiere Deutschlands - Statistiken

Allgemein
  • Dieses Quiz wurde 114 mal gespielt
    81 seit der letzten Aktualisierung
  • Das Durchschnittsergebnis liegt bei 49 aus 115
Antwortstatistiken
Ordnung Art wissenschaftlicher Name % Korrekt
Lagomorpha (Hasenartige) Feldhase Lepus europaeus
98%
Lagomorpha (Hasenartige) Wildkaninchen Oryctolagus cuniculus
90%
Rodentia (Nagetiere) Feldmaus Microtus arvalis
86%
Carnivora (Raubtiere) Wolf Canis lupus
86%
Cetartiodactyla (Wale & Paarhufer) Reh Capreolus capreolus
84%
Cetartiodactyla (Wale & Paarhufer) Rothirsch Cervus elaphus
80%
Carnivora (Raubtiere) Waschbär Procyon lotor
80%
Carnivora (Raubtiere) Braunbär Ursus arctos
78%
Carnivora (Raubtiere) Rotfuchs Vulpes vulpes
78%
Carnivora (Raubtiere) Eurasischer Luchs Lynx lynx
76%
Rodentia (Nagetiere) Eurasisches Eichhörnchen Sciurus vulgaris
76%
Rodentia (Nagetiere) Eurasischer Biber Castor fiber
73%
Rodentia (Nagetiere) Hausratte Rattus rattus
73%
Carnivora (Raubtiere) Wildkatze Felis silvestris
73%
Carnivora (Raubtiere) Baummarder Martes martes
71%
Carnivora (Raubtiere) Europäischer Dachs Meles meles
71%
Cetartiodactyla (Wale & Paarhufer) Wildschwein Sus scrofa
71%
Carnivora (Raubtiere) Kegelrobbe Halichoerus grypus
69%
Carnivora (Raubtiere) Steinmarder Martes foina
69%
Cetartiodactyla (Wale & Paarhufer) Alpen-Steinbock Capra ibex
67%
Rodentia (Nagetiere) Hausmaus Mus musculus
67%
Eulipotyphla (Insektenfresser) Maulwurf Talpa europaea
67%
Cetartiodactyla (Wale & Paarhufer) Schweinswal Phocoena phocoena
67%
Eulipotyphla (Insektenfresser) Braunbrustigel Erinaceus europaeus
65%
Carnivora (Raubtiere) Seehund Phoca vitulina
65%
Rodentia (Nagetiere) Siebenschläfer Glis glis
65%
Cetartiodactyla (Wale & Paarhufer) Alpen-Gämse Rupicapra rupicapra
63%
Carnivora (Raubtiere) Hermelin Mustela erminea
63%
Cetartiodactyla (Wale & Paarhufer) Elch Alces alces
61%
Rodentia (Nagetiere) Feldhamster Cricetus cricetus
61%
Rodentia (Nagetiere) Haselmaus Muscardinus avellanarius
61%
Lagomorpha (Hasenartige) Schneehase Lepus timidus
61%
Rodentia (Nagetiere) Bisamratte Ondatra zibethicus
59%
Cetartiodactyla (Wale & Paarhufer) Damhirsch Dama dama
59%
Rodentia (Nagetiere) Nutria Myocaster coypus
59%
Carnivora (Raubtiere) Waldiltis Mustela putorius
59%
Rodentia (Nagetiere) Wanderratte Rattus norvegicus
57%
Cetartiodactyla (Wale & Paarhufer) Blauwal Balaenoptera musculus
55%
Cetartiodactyla (Wale & Paarhufer) Buckelwal Megaptera novaeanglidae
55%
Carnivora (Raubtiere) Eurasischer Fischotter Lutra lutra
55%
Carnivora (Raubtiere) Marderhund Nyctereutes procyonoides
55%
Carnivora (Raubtiere) Mauswiesel Mustela nivalis
55%
Carnivora (Raubtiere) Amerikanischer Nerz/ Mink Neogale vison
49%
Cetartiodactyla (Wale & Paarhufer) Großer Tümmler Tursiops truncatus
49%
Cetartiodactyla (Wale & Paarhufer) Schwertwal Orcinus orca
49%
Rodentia (Nagetiere) Waldmaus Apodemus sylvaticus
49%
Cetartiodactyla (Wale & Paarhufer) Wisent Bos bonasus
49%
Rodentia (Nagetiere) Alpen-Murmeltier Marmota marmota
45%
Carnivora (Raubtiere) Goldschakal Canis aureus
45%
Eulipotyphla (Insektenfresser) Waldspitzmaus Sorex araneus
45%
Chiroptera (Fledertiere) Zwergfledermaus Pipistrellus pipistrellus
45%
Eulipotyphla (Insektenfresser) Feldspitzmaus Crocidura leucodon
43%
Cetartiodactyla (Wale & Paarhufer) Sikahirsch Cervus nippon
43%
Chiroptera (Fledertiere) Kleine Hufeisennase Rhinolophus hipposideros
41%
Rodentia (Nagetiere) Gartenschläfer Eliomys quercinus
39%
Chiroptera (Fledertiere) Große Hufeisennase Rhinolophus ferrumequinum
39%
Chiroptera (Fledertiere) Großer Abendsegler Nyctalus noctula
39%
Rodentia (Nagetiere) Rötelmaus Clethrionomys glareolus
39%
Chiroptera (Fledertiere) Wasserfledermaus Myotis daubentoni
39%
Eulipotyphla (Insektenfresser) Zwergspitzmaus Sorex minutus
39%
Eulipotyphla (Insektenfresser) Wasserspitzmaus Neomys fodiens
37%
Cetartiodactyla (Wale & Paarhufer) Finnwal Balaenoptera physalus
35%
Eulipotyphla (Insektenfresser) Hausspitzmaus Crocidura russula
35%
Chiroptera (Fledertiere) Kleiner Abendsegler Nyctalus leisleri
35%
Rodentia (Nagetiere) Ostschermaus Arvicola amphibius
35%
Eulipotyphla (Insektenfresser) Gartenspitzmaus Crocidura suaveolens
33%
Chiroptera (Fledertiere) Braunes Langohr Plecotus auritus
31%
Rodentia (Nagetiere) Eurasische Zwergmaus Micromys minutus
31%
Chiroptera (Fledertiere) Großes Mausohr Myotis myotis
31%
Chiroptera (Fledertiere) Mückenfledermaus Pipistrellus pygmaeus
31%
Carnivora (Raubtiere) Ringelrobbe Pusa hispida
31%
Rodentia (Nagetiere) Baumschläfer Dryomys nitedula
29%
Chiroptera (Fledertiere) Bechstein-Fledermaus Myotis bechsteini
29%
Rodentia (Nagetiere) Brandmaus Apodemus agrarius
29%
Rodentia (Nagetiere) Burunduk Eutamias sibiricus
29%
Chiroptera (Fledertiere) Graues Langohr Plecotus austriacus
29%
Chiroptera (Fledertiere) Mopsfledermaus Barbastella barbastellus
29%
Cetartiodactyla (Wale & Paarhufer) Nördlicher Zwergwal Balaenoptera acutorostrata
27%
Eulipotyphla (Insektenfresser) Sumpfspitzmaus Neomys anomalus
27%
Cetartiodactyla (Wale & Paarhufer) Kleiner Schwertwal Pseudorca crassidens
25%
Cetartiodactyla (Wale & Paarhufer) Seiwal Balaenoptera borealis
25%
Chiroptera (Fledertiere) Teichfledermaus Myotis dasycneme
25%
Rodentia (Nagetiere) Gelbhalsmaus Apodemus flavicollis
24%
Cetartiodactyla (Wale & Paarhufer) Gewöhnlicher Delfin Delphinus delphis
24%
Chiroptera (Fledertiere) Zweifarbenfledermaus Vespertilio murinus
22%
Cetartiodactyla (Wale & Paarhufer) Zwergpottwal Kogia breviceps
22%
Chiroptera (Fledertiere) Alpenfledermaus Hypsugo savii
20%
Rodentia (Nagetiere) Bayerische Kurzohrmaus Microtus bavaricus
20%
Chiroptera (Fledertiere) Rauhautfledermaus Pipistrellus nathusii
20%
Rodentia (Nagetiere) Schneemaus Chionomys syriacus
20%
Eulipotyphla (Insektenfresser) Alpenspitzmaus Sorex alpinus
18%
Chiroptera (Fledertiere) Fransenfledermaus Myotis nattereri
18%
Chiroptera (Fledertiere) Nordfledermaus Eptesicus nilssonii
18%
Cetartiodactyla (Wale & Paarhufer) Streifendelfin Stennella coeruleoalba
18%
Rodentia (Nagetiere) Waldbirkenmaus Sicista betulina
18%
Chiroptera (Fledertiere) Alpen-Langohr Plecotus macrobullaris
16%
Chiroptera (Fledertiere) Eigentliche Breitflügelfledermaus Eptesicus serotinus
16%
Rodentia (Nagetiere) Kurzohrmaus Microtus subterraneus
16%
Cetartiodactyla (Wale & Paarhufer) Nördlicher Entenwal Hyperoodon amphullatus
16%
Chiroptera (Fledertiere) Nymphenfledermaus Myotis alcathoe
16%
Chiroptera (Fledertiere) Weißrandfledermaus Pipistrellus kuhlii
16%
Cetartiodactyla (Wale & Paarhufer) Weißschnauzendelfin Lagenorhynchus albirostris
16%
Chiroptera (Fledertiere) Wimperfledermaus Myotis emarginatus
16%
Rodentia (Nagetiere) Alpenwaldmaus Apodemus alponica
14%
Cetartiodactyla (Wale & Paarhufer) Atlantik-Weißseitendelfin Leucopleurus acutus
14%
Rodentia (Nagetiere) Erdmaus Microtus agrestis
14%
Chiroptera (Fledertiere) Große Brantfledermaus Myotis brandti
14%
Rodentia (Nagetiere) Illyrische Kleinwühlmaus Microtus liechtensteini
14%
Cetartiodactyla (Wale & Paarhufer) Rundkopfdelfin Grampus griseus
14%
Cetartiodactyla (Wale & Paarhufer) Sowerby-Zweizahnwal Mesoplodon bidens
14%
Chiroptera (Fledertiere) Eigentliche Langflügelfledermaus Miniopterus schreibersii
12%
Eulipotyphla (Insektenfresser) Schabrackenspitzmaus Sorex coronatus
10%
Cetartiodactyla (Wale & Paarhufer) Langflossen-Grindwal Globicephala melas
8%
Chiroptera (Fledertiere) Kleine Bartfledermaus Myotis mystacinus
6%
Rodentia (Nagetiere) Nordische Wühlmaus Microtus oeconomus
2%
Keine übereinstimmenden Quizze gefunden
Verteilung der Resultate
Anzahl Personen mit jedem Resultat
Perzentil nach korrekt beantworteten Fragen
Ihre Resultats-Entwicklung
Sie haben dieses Quiz seit der letzten Aktualisierung nicht gespielt